Elementa geometriae tradita a ...

Prednášky profesora Daniela Mihálika na evanjelickom lýceu v Kežmarku zo základov geometrie, zapísané študentom Samuelom Veličom

Bibliographic Details
Main Author: Mihálik, Daniel, 1767-1840 (Author)
Format: Manuscript Book
Language:Latin
Published: Caesareofori 1811
Subjects:

MARC

LEADER 00000ntmaa2200000 a 4500
001 vtls011771719
003 SK-MaSNL
005 20260301223251.0
008 251201s1811 xo d || 000 s lat
035 |a urn:nbn:sk:snk-tm00ekrq 
035 |a urn:nbn:sk:snk-tm3n3iy 
035 |a 1FEA9147-8081-4214-A413-32341E7EF9D1 
040 |a SNKLA  |b slo  |c SNKLA  |e AACR2 
041 0 |a lat 
044 |a xo  |c SK 
072 7 |a 37  |x Výchova a vzdelávanie  |2 konspekt 
072 7 |a 514  |x Geometria  |2 konspekt 
080 |a 37.091.32  |2 2011 
080 |a 025.171  |2 2011 
080 |a 686.816(075):37  |2 2011 
100 1 |a Mihálik, Daniel,  |d 1767-1840  |4 aut  |9 181394 
245 1 0 |a Elementa geometriae tradita a ...  |c Daniele Mihalik ; scripta manu Samuelis Velits 
260 |a Caesareofori  |c 1811 
300 |a 46 nečíslovaných strán  |b rukopis, viazaný  |c 25 cm 
500 |a Vložený lístok pôvodného spracovania 
500 |a Pochádza z Veličovského archívu z Turca 
520 2 |a Prednášky profesora Daniela Mihálika na evanjelickom lýceu v Kežmarku zo základov geometrie, zapísané študentom Samuelom Veličom 
555 0 |a Inventár rukopisov Archívu literatúry a umenia Slovenskej národnej knižnice. Rukopisy Muzeálnej slovenskej spoločnosti: Slovenská národná knižnica 2008 
561 |a Okrúhla pečiatka: Museálna slovenská spoločnosť 
610 2 7 |a Evanjelické lýceum v Kežmarku  |2 SNKKA  |9 35953 
610 2 7 |a Evanjelická cirkev a.v.  |2 SNKKA  |9 32425 
650 0 7 |a geometria  |2 SNKPH  |9 829 
655 7 |a prednášky  |2 SNKPH  |9 70554 
655 7 |a rukopisy  |2 SNKPH  |9 70548 
655 7 |a školské zošity  |2 SNKPH  |9 161741 
700 1 |a Velič, Samuel  |4 trc  |9 613979 
752 |a Slovensko  |d Kežmarok 
852 |a Slovenská národná knižnica  |b Literárny archív 
852 |a Slovenská národná knižnica  |b Literárny archív 
958 |a MS 
958 |a LAVD 
999 |c 942913  |d 944843 
952 |a SNKLA  |b SNKLA  |c SNKLA_DEP  |y NEVYP  |7 0  |p 17A1228252  |o snkMSS 421  |0 0  |1 0  |4 0  |d 2018-08-10  |f 1  |l 0  |r 2026-02-24 09:24:28  |w 2026-02-24